Les derniers de ligue 1 chaque saison - Statistiques

Statistiques générales
  • Ce quiz a été pris 168 fois
  • Le résultat moyen est 11 sur 18
Statistiques - réponses
Hint Réponse % Correct
2007/2008 Metz
93%
2005/2006 Metz
93%
2019/2020 Toulouse
84%
2015/2016 Troyes
79%
2012/2013 Troyes
79%
2014/2015 Lens
77%
2013/2014 Ajaccio
75%
2011/2012 Auxerre
69%
2009/2010 Auxerre
69%
2020/2021 Dijon
69%
2006/2007 Nantes
69%
2018/2019 Guingamp
62%
2008/2009 Grenoble
60%
2006/2007 Le Havre
60%
2004/2005 Istres
38%
2016/2017 Sc Bastia
7%
2017/2018 Fc Metz
3%
2010/2011 Athlétic Club Arlésien
1%
Aucun quiz correspondant
Distribution des résultats
% des personnes avec chaque résultat
Percentile par nombre de réponses
Votre historique - résultats
Vous n’avez pas pris ce quiz